| 000 | 01102nam a22002537a 4500 | ||
|---|---|---|---|
| 005 | 20170124103001.0 | ||
| 010 | _aA-677233 | ||
| 020 | _c150.00 | ||
| 035 | _aA-677233 | ||
| 037 | _bCen Lib/Ret | ||
| 040 |
_aDPL _bHN |
||
| 082 |
_aउ _bविजय |
||
| 100 |
_aविजयवर्गीय, श्यामनारायण _942919 |
||
| 245 |
_aसंकल्प और परिणति / _cश्यामनारायण विजयवर्गीय |
||
| 246 |
_aSankalp aur parinti / _bby Shyamnarayan Vijayvargiye |
||
| 260 |
_aदिल्ली _bसुमन प्रकाशन _c1993 |
||
| 270 |
_aए-42, अशोक नगर, मंडोली रोड, शाहदरा _bदिल्ली _e110093 |
||
| 300 |
_a613पृ. _c20सेमी (सजिल्द) |
||
| 650 |
_a हिन्दी साहित्य _954785 |
||
| 650 |
_a हिन्दी साहित्य -- उपन्यास _946379 |
||
| 650 |
_aHindi literature _954786 |
||
| 650 |
_aHindi literature -- Fiction _954787 |
||
| 942 |
_2ddc _cHN _hउ _mविजय |
||
| 999 |
_c113997 _d113997 |
||